Countries Jack Harlow has Visited - Statistics

General Stats
  • This quiz has been taken 43 times
    7 since last reset
  • The average score is 19 of 24
Answer Stats
Continent Country % Correct
South America Argentina
100%
Oceania Australia
100%
South America Brazil
100%
North America Canada
100%
Europe France
100%
Europe Germany
100%
Europe Italy
100%
Europe Portugal
100%
Europe Switzerland
100%
Europe United Kingdom
100%
North America United States of America
100%
Europe Denmark
83%
Europe Netherlands
83%
Europe Norway
83%
Europe Poland
83%
Europe Sweden
83%
Europe Belgium
67%
South America Chile
67%
Europe Finland
67%
Europe Czech Republic
50%
Europe Ireland
50%
Oceania New Zealand
50%
Asia Bahrain
33%
Asia Saudi Arabia
33%
No matching quizzes found
Score Distribution
Percent of People with Each Score
Percentile by Number Answered
Your Score History
You have not taken this quiz since the last reset